Регионална библиотека "Любен Каравелов" - Русе

Войните на България за освобождение и национално обединение (Запис номер 209329)

MARC детайли
000 -Лидер
Контролно поле с фиксирана дължина 02482nkm a2200409 c 4500
003 - Код на организацията, давaща контролен номер
Контролно поле BLK
005 - Дата и час на последна редакция
Контролно поле 20200924095049.0
008 - Елементи от данни с фиксирана дължина
fixed length control field 180412b bul rap|r|||| r0| ||bulo|
010 ## - Наследен системен номер
LC control number KNG00115874000
020 ## - Международен стандартен номер на книга ISBN
Международен стандартен номер на книга ISBN 954-8353-63-6
040 ## - Източник на каталожния запис
Идентификатор на билиотеката - собственик на записа BLK
041 ## - Код за език
Код за езика на текст/звукозапис или на отделно заглавие Български
Код за езика КДБФ Български
080 ## - УДК
Текстов определител УДК Военна история - Военни походи, битки, героични подвизи. Вж и 93/99
УДК код - определител по УДК 355.48
УДК определител (497.2)(084)
УДК - код + определител 355.48(497.2)(084)
139 ## - Редно поле
Редна дума Войните на България за освобождение и национално обединение
Авторски знак Воини - В 80
245 10 - Сведения за заглавието
Заглавие Войните на България за освобождение и национално обединение
Подзаглавни данни Док. фотоалбум : Т. 1 -
Редно поле (дума) състав. Юли Стефанов Минчев; текст на том Никола Рухчев; текст на том Димитър Йончев; текст на том Яко Аврамов Молхов.
Том Т. 1
Заглавие на том Руско-Турската Освободителна война 1877 - 1878 ; Сръбско-българската война 1885 ; Първата и Втората Балканска война 1912-1913
257 ## - Страна на издаване
Страна на създаване/издаване България
260 ## - Област на издателските данни
Година на издаване 2003 -
Печатница София : Вулкани 4
300 ## - Физическа характеристика
Размери/Мащаб 21Х29 см
380 ## - Жанр
Жанр Обществени науки
490 1# - СЕРИИ (Колекции)
Име на серия Поредица Памет
500 ## - Общи забележки
Забележка Офс. изд.
650 #4 - Допълнително описание по предмет – тема
Основно описание – тема или топоним България - военна история
9 (RLIN) 241785
653 ## - Ключова дума – ненормативна
Ключова дума България
653 ## - Ключова дума – ненормативна
Ключова дума войни
653 ## - Ключова дума – ненормативна
Ключова дума история
653 ## - Ключова дума – ненормативна
Ключова дума националноосвободителни движения
700 1# - Други автори (авторска отговорност)
Лично име Минчев, Юли Стефанов
Автороска отговорност (Описва отношението между автора и произведението) състав.
9 (RLIN) 378905
700 1# - Други автори (авторска отговорност)
Лично име Рухчев, Никола
Автороска отговорност (Описва отношението между автора и произведението) текст на том
9 (RLIN) 351636
700 1# - Други автори (авторска отговорност)
Лично име Йончев, Димитър
Автороска отговорност (Описва отношението между автора и произведението) текст на том
9 (RLIN) 364494
700 1# - Други автори (авторска отговорност)
Лично име Молхов, Яко Аврамов
Автороска отговорност (Описва отношението между автора и произведението) текст на том
9 (RLIN) 369444
760 1# - Описание на основната серия
Място на издаване, издател и година Балкани, 2003
Страници - том 220 с. : с ил., портр.
Забележка - том 300 тир. - Библиогр. с. 220.
Заглавие Т. 1 Руско-Турската Освободителна война 1877 - 1878 ; Сръбско-българската война 1885 ; Първата и Втората Балканска война 1912-1913
852 ## - Местоположение
Форматна сигнатура Цб 302950
856 4# - Електронен адрес и достъп
Електронен формат pdf - файл
Път до файла /url/
856 4# - Електронен адрес и достъп
Електронен формат pdf - файл
Път до файла /url/
999 ## - СИСТЕМНИ КОНТРОЛНИ НОМЕРА
Koha biblionumber 209329
Koha biblioitemnumber 209329
942 ## - АРТИКУЛИ
Вид на библиотечния материал Графични издания
Скрит в OPAC Не
Периодичен библиозапис Да
944 ## - СЪЗДАВАНЕ И РЕДАКЦИЯ на ЗАПИСА
Създаване/Редакция Създаване
Дата на регистрацията/редакция 28.10.2004
Статус, дата на статуса ф /
Служител, извършил регистрацията/редакцията Людмила_Стоянова
944 ## - СЪЗДАВАНЕ И РЕДАКЦИЯ на ЗАПИСА
Създаване/Редакция Редакция
Дата на регистрацията/редакция 13.06.2011
Статус, дата на статуса ф /
999 ## - СИСТЕМНИ КОНТРОЛНИ НОМЕРА
Koha biblioitemnumber 209329
Наличности
Код за отписване Код за изгубен артикул Източник на класификационната схема Код за повреда Коз за рестрикции Код за отдаване Артикулен № Име на библиотеката - собственик Име на библиотеката, в която се намира в момента Статус (Текущо местоположение) Дата на вписване в системата Местоположение - отдел Цена в лева Инвентарен номер Систематично азбучна сигнатура Баркод Номер на екземпляра Цена в евро Служебна бележка Служебен тип на артикула
  Не е изгубен Universal Decimal Classification Не е повреден само за читалня ползва се в читалня 360599 Регионална библиотека "Любен Каравелов" Русе Регионална библиотека "Любен Каравелов" Русе Хранилище 2004-10-28 Хранилище 30.00 120000689674 Цб 302950 120000689674 1 15.34 Дост: Dp Вид: Д N: 2 Дата: 16.12.2003 Графични издания
  Не е изгубен Universal Decimal Classification Не е повреден без рестрикции заемане за дома 360600 Регионална библиотека "Любен Каравелов" Русе Регионална библиотека "Любен Каравелов" Русе Отдел Изкуство - подръчен фонд 2011-05-27 Отдел Изкуство - подръчен фонд 30.00 120000750892 3/В 80 120000750892 2 15.34 Дост: DA Вид: А N: 8 Дата: 27.05.2011 Дата инв: 03.06.2015 Бележки инв: ГрИ2015 Графични издания
Vip Innovations Ltd, Rousse, Bulgaria 2025